| 000 | 01576cam a22004214a 4500 | ||
|---|---|---|---|
| 001 | 14169636 | ||
| 003 | OSt | ||
| 005 | 20140310183650.0 | ||
| 008 | 051116s2007 maua 001 0 eng | ||
| 010 | _a 2005057669 | ||
| 015 |
_aGBA596436 _2bnb |
||
| 016 | 7 |
_a013337205 _2Uk |
|
| 020 | _a0073138312 | ||
| 020 | _a9780071289016 | ||
| 020 | _a0073138320 | ||
| 020 | _a9780073138329 | ||
| 020 | _a0071107401 | ||
| 020 | _a9780071107402 | ||
| 035 | _a(OCoLC)ocm62325175 | ||
| 040 |
_aDLC _cDLC _dYDX _dBAKER _dUKM _dBTCTA _dYDXCP _dDLC |
||
| 042 | _apcc | ||
| 050 | 0 | 0 |
_aHF 5718 _b.Sa26 2007 |
| 100 | 1 | _aSatterwhite, Marilyn L. | |
| 245 | 1 | 0 |
_aBusiness communication at work / _cMarilyn L. Satterwhite, Judith Olson-Sutton. |
| 250 | _a3rd ed. | ||
| 260 |
_aBoston : _bMcGraw-Hill/Irwin, _c2010. |
||
| 300 |
_a522 p. : _bill. ; _c28 cm. |
||
| 500 | _aIncludes index. | ||
| 521 | _aMC | ||
| 650 | 0 | _aBusiness communication. | |
| 700 | 1 |
_aOlson-Sutton, Judith, _d1944- |
|
| 856 | 4 | 2 |
_3Publisher description _uhttp://www.loc.gov/catdir/enhancements/fy0626/2005057669-d.html |
| 856 | 4 | 1 |
_3Table of contents only _uhttp://www.loc.gov/catdir/enhancements/fy0626/2005057669-t.html |
| 906 |
_a7 _bcbc _corignew _d1 _eocip _f20 _gy-gencatlg |
||
| 942 |
_2lcc _cBK _kFOR |
||
| 999 |
_c26043 _d26043 |
||